000 00811nas a2200241 4500
001 BR3800050
003 BR-BrBNA
005 20231205081817.0
007 ta
008 230509b bl.|||p| |||| 00| 00por d
040 _aBR-BrBNA
_bpor
_cBiblioteca Nacional de Agricultura
041 _a(Pt)
072 _aH20
100 1 _aBitancourt, A.A. (Instituto Biologico, Sao Paulo, SP (Brazil))
245 1 _a"Pyrenochaeta sacchari n. sp." e uma mancha da folha da cana de acucar [Saccharum officinarum; Doenca de planta; Fungo]
650 _aDoenca de planta
650 _aCana de acucar
650 _aFungo
650 _aFolha
773 0 _tArquivos do Instituto Biologico (Brazil)
_xISSN 0020-3653
_g(Dec 1938), v. 9 p. 299-304
_wBR3800050
909 _a202311
_bLúcia
_c55
_dLúcia Elande
942 _2AGRIS
_n0
_cANA
999 _c87021
_d87021